<?xml version="1.0" encoding="UTF-8"?>
<collection xmlns="http://www.loc.gov/MARC21/slim">
<record>
  <controlfield tag="001">170991</controlfield>
  <controlfield tag="005">20260430151736.0</controlfield>
  <datafield tag="024" ind1="7" ind2=" ">
    <subfield code="2">doi</subfield>
    <subfield code="a">10.1111/pala.70057</subfield>
  </datafield>
  <datafield tag="024" ind1="8" ind2=" ">
    <subfield code="2">sideral</subfield>
    <subfield code="a">149081</subfield>
  </datafield>
  <datafield tag="037" ind1=" " ind2=" ">
    <subfield code="a">ART-2026-149081</subfield>
  </datafield>
  <datafield tag="041" ind1=" " ind2=" ">
    <subfield code="a">eng</subfield>
  </datafield>
  <datafield tag="100" ind1=" " ind2=" ">
    <subfield code="a">Rotatori, Filippo Maria</subfield>
  </datafield>
  <datafield tag="245" ind1=" " ind2=" ">
    <subfield code="a">The early origin of Iguanodontia: new insights into the macroevolution, diversity and biogeography of the clade</subfield>
  </datafield>
  <datafield tag="260" ind1=" " ind2=" ">
    <subfield code="c">2026</subfield>
  </datafield>
  <datafield tag="520" ind1="3" ind2=" ">
    <subfield code="a">Iguanodontia (Dinosauria, Ornithischia) is a speciose group of herbivorous dinosaurs that include the famous genus Iguanodon, one of foundational members of the clade Dinosauria. Despite their very long history of research, several aspects of their systematic relationships and their evolutionary history remain somewhat nebulous. There is currently a lack of consensus between different phylogenetic matrices due mainly to: (1) undersampling of postcranial characters; and (2) the absence of several key taxa. We assembled a data matrix from pre-existing datasets, integrating our observations on several overlooked species (mainly from Europe) and extensively sampling cranial and postcranial characters, thereby creating one of the most complete datasets for iguanodontian dinosaurs to date. We performed a series of phylogenetic analyses, employing maximum parsimony and Bayesian inference, and an historical biogeographic analysis. Overall congruent topologies between the two methods recovered, for the first time, a new clade of high-sailed styracosternans here named Ouranosauria. We ran different Bayesian inference analyses, employing morphoclock and fossilized birth–death models. Some of the tip-dated analyses, indicated an Early to Middle Jurassic origin of Iguanodontia during a palaeoclimatically (hyperthermal) and palaeogeographically (continental fragmentation) dynamic context. According to this scenario, the Iguanodontian major radiation could be tracked back to the Pliensbachian–Toarcian, pre-dating by 16 million years the first ichnological evidence attributed to this clade. Furthermore, the diversification of all the major clades occurred by the Late Jurassic, then experienced local extinction events in different areas during the Early Cretaceous. Prior to the Jurassic–Cretaceous transition, iguanodontians spread globally.</subfield>
  </datafield>
  <datafield tag="506" ind1="0" ind2=" ">
    <subfield code="a">Access copy available to the general public</subfield>
    <subfield code="f">Unrestricted</subfield>
  </datafield>
  <datafield tag="536" ind1=" " ind2=" ">
    <subfield code="9">info:eu-repo/grantAgreement/EC/H2020/947921/EU/Mapping biodiversity cradles and graves/MAPAS</subfield>
    <subfield code="9">This project has received funding from the European Union’s Horizon 2020 research and innovation program under grant agreement No H2020 947921-MAPAS</subfield>
    <subfield code="9">info:eu-repo/grantAgreement/ES/MICINN/FJCI-2020-044836-I</subfield>
    <subfield code="9">info:eu-repo/grantAgreement/ES/MICINN/PID2021-122612OB-I00</subfield>
    <subfield code="9">info:eu-repo/grantAgreement/ES/MICINN/PID2024-158833OB-I00</subfield>
    <subfield code="9">info:eu-repo/grantAgreement/ES/MICINN/RYC2021-034473-I</subfield>
  </datafield>
  <datafield tag="540" ind1=" " ind2=" ">
    <subfield code="9">info:eu-repo/semantics/openAccess</subfield>
    <subfield code="a">by</subfield>
    <subfield code="u">https://creativecommons.org/licenses/by/4.0/deed.es</subfield>
  </datafield>
  <datafield tag="655" ind1=" " ind2="4">
    <subfield code="a">info:eu-repo/semantics/article</subfield>
    <subfield code="v">info:eu-repo/semantics/publishedVersion</subfield>
  </datafield>
  <datafield tag="700" ind1=" " ind2=" ">
    <subfield code="a">Chiarenza, Alfio Alessandro</subfield>
  </datafield>
  <datafield tag="700" ind1=" " ind2=" ">
    <subfield code="a">Fanti, Federico</subfield>
  </datafield>
  <datafield tag="700" ind1=" " ind2=" ">
    <subfield code="a">Moreno-Azanza, Miguel</subfield>
    <subfield code="u">Universidad de Zaragoza</subfield>
    <subfield code="0">(orcid)0000-0002-7210-1033</subfield>
  </datafield>
  <datafield tag="710" ind1="2" ind2=" ">
    <subfield code="1">2000</subfield>
    <subfield code="2">655</subfield>
    <subfield code="a">Universidad de Zaragoza</subfield>
    <subfield code="b">Dpto. Ciencias de la Tierra</subfield>
    <subfield code="c">Área Paleontología</subfield>
  </datafield>
  <datafield tag="773" ind1=" " ind2=" ">
    <subfield code="g">69, 2 (2026), e70057 [32 pp.]</subfield>
    <subfield code="p">Palaeontology</subfield>
    <subfield code="t">Palaeontology</subfield>
    <subfield code="x">0031-0239</subfield>
  </datafield>
  <datafield tag="856" ind1="4" ind2=" ">
    <subfield code="s">9945674</subfield>
    <subfield code="u">http://zaguan.unizar.es/record/170991/files/texto_completo.pdf</subfield>
    <subfield code="y">Versión publicada</subfield>
  </datafield>
  <datafield tag="856" ind1="4" ind2=" ">
    <subfield code="s">2765948</subfield>
    <subfield code="u">http://zaguan.unizar.es/record/170991/files/texto_completo.jpg?subformat=icon</subfield>
    <subfield code="x">icon</subfield>
    <subfield code="y">Versión publicada</subfield>
  </datafield>
  <datafield tag="909" ind1="C" ind2="O">
    <subfield code="o">oai:zaguan.unizar.es:170991</subfield>
    <subfield code="p">articulos</subfield>
    <subfield code="p">driver</subfield>
  </datafield>
  <datafield tag="951" ind1=" " ind2=" ">
    <subfield code="a">2026-04-30-13:58:35</subfield>
  </datafield>
  <datafield tag="980" ind1=" " ind2=" ">
    <subfield code="a">ARTICLE</subfield>
  </datafield>
</record>
</collection>